| 000 | nam a22 7a 4500 | ||
|---|---|---|---|
| 999 |
_c142880 _d142878 |
||
| 005 | 20180801132859.0 | ||
| 008 | 180801b ii||||| |||| 00| 0 eng d | ||
| 020 | _a8170110645 | ||
| 050 | 0 | 4 |
_aPR9480 _bS53 1969 |
| 100 | 1 | _aShanker, Rajkumari | |
| 245 | 1 | 4 |
_aThe story of Gandhi / _cby Rajkumari Shanker |
| 260 |
_aNueva Delhi : _bChildren's Book Trust, _c1969 |
||
| 300 |
_a119 p. : _bil. ; _c24 cm. |
||
| 600 |
_aGandhi, Mahatma _d1869-1948 |
||
| 650 | 7 |
_2lemb _aLiteratura inglesa _vLibros de lectura |
|
| 942 |
_2lcc _cLIB |
||